Makārim al-akhlāq. (Record no. 81374)

MARC details
000 -LEADER
fixed length control field 00574cam a22002291 4500
001 - CONTROL NUMBER
control field sa 68006553
003 - CONTROL NUMBER IDENTIFIER
control field DLC
005 - DATE AND TIME OF LATEST TRANSACTION
control field 20260227112517.0
008 - FIXED-LENGTH DATA ELEMENTS--GENERAL INFORMATION
fixed length control field 890510s1967 xx 000 0 urdo
010 ## - LIBRARY OF CONGRESS CONTROL NUMBER
LC control number sa 68006553
035 ## - SYSTEM CONTROL NUMBER
System control number (OCoLC)23575668
040 ## - CATALOGING SOURCE
Original cataloging agency DLC
Transcribing agency MiU
Modifying agency DLC
042 ## - AUTHENTICATION CODE
Authentication code premarc
050 00 - LIBRARY OF CONGRESS CALL NUMBER
Classification number BJ1291
Item number .Z3 1967
100 1# - MAIN ENTRY--PERSONAL NAME
Personal name Z̲akāʼullāh, Muḥammad,
Dates associated with a name 1832-1910.
245 10 - TITLE STATEMENT
Title Makārim al-akhlāq.
260 ## - PUBLICATION, DISTRIBUTION, ETC.
Date of publication, distribution, etc. [1967]
300 ## - PHYSICAL DESCRIPTION
Extent 12, 544 p.
Dimensions 22 cm.
500 ## - GENERAL NOTE
General note Romanized.
650 #0 - SUBJECT ADDED ENTRY--TOPICAL TERM
Topical term or geographic name entry element Islamic ethics
700 0# - ADDED ENTRY--PERSONAL NAME
Personal name Aḥmad Raz̤ā,
Relator term ed.

No items available.

Powered by Koha